00999nam a2200301Ia 4500001000600000003000500006008004100011010001100052040000900063082001500072100008200087245012400169260004200293300002100335440000500356500000500361503001100366650004700377650002300424650009000447901001500537902000600552910000900558942000600567942000700573999001900580952009800599Z_929CHAP220113s1986 xx 000 0 und d a164005 cCHAP a636.082 S4 aSeminar in the CEC Animal Husbandry y Research (1985: Edinburgh, UK.)9138067 aExploiting new technologies in animal breeding: genetic developments /ced. by C. Smith, J. W. B. King and J. C. McKay aNew York :bOxford University,c1986 a202 p. : bilus. a a a146353 aAnimales domésticosxMejoramiento 95909 aGenética animal  aGranjas I. King, J. W. B., ed. II. McKay, J. C., ed. III. t. Smith, C. IV. t.9138068 a636.082 S4 aA a1986 c1 cc1 c164005d164005 00102ddc40708GRALaZbZc3d2005-11-09pz_0861r2022-01-18 00:00:00t1w2022-01-18yLIBRO